The Treasure Of Tears / (Record no. 195229)

MARC details
000 -LEADER
fixed length control field 00563nam a22002057a 4500
005 - DATE AND TIME OF LATEST TRANSACTION
control field 20230403112554.0
010 ## - LCCN (DPL NO)
LC control number ENG-136388
020 ## - INTERNATIONAL STANDARD BOOK NUMBER
International Standard Book Number 9781788900858
Terms of availability 800.00
035 ## - SYSTEM CONTROL NUMBER
System control number EN-119920
037 ## - SOURCE OF ACQUISITION
Source of stock number/acquisition DBAD/PUB
082 ## - DEWEY DECIMAL CLASSIFICATION NUMBER
Classification number 881
100 ## - MAIN ENTRY--PERSONAL NAME
Personal name Ghosh, R.P
245 ## - TITLE STATEMENT
Title The Treasure Of Tears /
Statement of responsibility, etc By R.P Ghosh
250 ## - EDITION STATEMENT
Edition statement First
260 ## - PUBLICATION, DISTRIBUTION, ETC. (IMPRINT)
Place of publication, distribution, etc London
Name of publisher, distributor, etc Olympia Publishers
Date of publication, distribution, etc 2018
270 ## - ADDRESS
City London
Address Tallis House,2Tallis Street
Postal code 700020
300 ## - PHYSICAL DESCRIPTION
Extent 154p.;
Dimensions 20cm(pb)
Other physical details ill.
500 ## - GENERAL NOTE
General note Poetry collections
942 ## - ADDED ENTRY ELEMENTS (KOHA)
Source of classification or shelving scheme Dewey Decimal Classification
Item type English Books
Call number suffix RPG
Classification part 881
Holdings
Withdrawn status Lost status Not for loan Collection code Home library Current library Date acquired Source of acquisition Cost, normal purchase price Full call number Barcode Copy number Cost, replacement price Koha item type
      Non-fiction Katevara Katevara 13/03/2023 DBAD/PUB 800.00 881 RPG EN-119920 1 800.00 English Books

© Delhi Public Library
Hit Counter
free hit counter